| 000 | 01775nam a2200325 a 4500 | ||
|---|---|---|---|
| 003 | BLK | ||
| 005 | 20250325124210.0 | ||
| 008 | 241106b bul|||||r ||||||| ||bul|| | ||
| 020 | _a9786190114888 | ||
| 040 | _aBLK | ||
| 041 |
_aBUL _cBUL |
||
| 080 |
_aРазпространяване на научните знания - популяризиране на науката, занимателна наука, учение за явленията научно необяснени, заблуждения и фалшификации, илюзии и др. п., секретност на научните знания _b001.9 _z001.9 |
||
| 080 |
_aЕпидемии. Епидемиология _b616-036.22 _z616-036.22 |
||
| 084 | _aК 50 | ||
| 100 |
_aКенеди, Робърт Франсис, младши _9486667 |
||
| 245 | 1 | 0 |
_aУхан - какво остана покрито _bКовид-19 и историята на биооръжията _cРобърт Кенеди ; прев. от англ. Юлия Гешакова |
| 257 | _aUSA | ||
| 260 |
_aСофия _bКатехон _c2024 _9468803 _fСофия : Изток-Запад _n97861901 |
||
| 300 |
_a510 с. _c24 см |
||
| 380 | _a0 | ||
| 500 | _aОриг. загл.: The Wuhan Cover-Up / Robert F. Kennedy Jr. - Речник на термините | ||
| 650 | 7 |
_aКонспиративни теории _9159179 |
|
| 650 | 7 |
_aЕпидемии _9154974 |
|
| 653 | 0 |
_aКовид-19 _9479792 |
|
| 700 | 1 |
_aГешакова, Юлия _953868 _qТошева, Юлия Божидарова |
|
| 852 |
_bП _c001.9/К 50 Р |
||
| 942 |
_cKNG _n0 _s1 _07 |
||
| 944 |
_a30560 _k30575 _cГеновева Генчева _lМартин Енчев |
||
| 999 |
_c521335 _d521335 |
||